What Years Did These Events Happen #1? - Statistics

General Stats
  • This quiz has been taken 113 times
  • The average score is 9 of 20
Answer Stats
Event Year % Correct
9/11 Attacks 2001
93%
The Titanic sinks 1912
92%
Moon landing 1969
88%
D-Day invasion 1944
76%
Soviet Union dissolves 1991
73%
COIVD-19 pandemic declared 2020
65%
Abraham Lincoln assassinated 1865
57%
Stock Market crash 1929
49%
First modern Olympics 1896
47%
U.S. Constitution signed 1787
38%
Euro currency introduced 1999
36%
Arab Spring begins 2011
36%
Wright brothers' first flight 1903
35%
Napoleon defeated at Waterloo 1815
33%
Eiffel Tower completed 1889
28%
Texas declares independence 1836
17%
DNA structure discovered 1953
16%
Telephone invented 1876
9%
Seven Years' War begins 1756
4%
The Communist Manifesto published 1848
3%
No matching quizzes found
Score Distribution
Percent of People with Each Score
Percentile by Number Answered
Your Score History
You have not taken this quiz